Come diventare gay in cinque settimane /
Salvato in:
| Autore principale: | |
|---|---|
| Natura: | Libro |
| Lingua: | italiano |
| Pubblicazione: |
Milano :
Melampo,
2008
|
| Tags: |
Nessun Tag, puoi essere il primo ad aggiungerne!!
|
MARC
| LEADER | 00000nam a22000007i 4500 | ||
|---|---|---|---|
| 001 | IT\ICCU\UBO\3439931 | ||
| 003 | ItRI | ||
| 005 | 20260201123311.0 | ||
| 008 | 080618s2008 it |||||| ||||| |||||c | ||
| 020 | |a 9788889533260 | ||
| 040 | |b ita |c C | ||
| 041 | 7 | |a ita |2 ISO-639-2 | |
| 100 | 1 | |a Mauri, Claudia |0 IT\ICCU\UBOV\243236 |4 aut | |
| 245 | 1 | 0 | |a Come diventare gay in cinque settimane / |c Claudia Mauri. |
| 260 | |a Milano : |b Melampo, |c 2008 | ||
| 300 | |a 154 p. ; |c 21 cm. | ||
| 942 | |2 ddc |c BK | ||
| 952 | |0 0 |1 0 |2 ddc |4 0 |6 306_766000000000000_MAU |7 1 |9 497 |a RM |b RM |d 2024-01-17 |l 0 |o 306.766 MAU |p 494 |r 2024-01-17 16:43:04 |w 2024-01-17 |y BK | ||
| 952 | |0 0 |1 0 |2 ddc |4 0 |6 306_766000000000000_MAU_COM |7 1 |9 1338 |a RA |b RA |d 2024-05-30 |l 0 |o 306.766 MAU COM |p 9174 |r 2024-05-30 18:52:17 |w 2024-05-30 |y BK | ||
| 952 | |0 0 |1 0 |2 ddc |4 0 |6 306_766000000000000_MAU_COM |7 0 |9 4287 |a GE |b GE |d 2025-05-30 |l 0 |o 306.766 MAU COM |p 1627 |r 2025-05-30 20:46:17 |w 2025-05-30 |y BK |z Donazione di Domenico Lazzaro | ||
| 952 | |0 0 |1 0 |4 0 |6 DOC_306_766000000000000_MAU |7 0 |9 21334 |a BO |b BO |d 2026-01-15 |i 12146 |l 0 |o DOC 306.766 MAU |p BO12146 |r 2026-01-15 23:21:53 |w 2026-01-15 |x [Sebina 5] [1 v. (2. copia)] |y BK |z 1 v. (2. copia) | ||
| 952 | |0 0 |1 0 |4 0 |6 DOC_306_766000000000000_MAU |7 0 |9 21335 |a BO |b BO |d 2026-01-15 |i 12053 |l 0 |o DOC 306.766 MAU |p BO12053 |r 2026-01-15 23:21:53 |w 2026-01-15 |x [Sebina 5] [1 v.] |y BK |z 1 v. | ||
| 952 | |0 0 |1 0 |2 ddc |4 0 |6 306_766000000000000_MAU_COM |7 0 |9 28151 |a CT |b CT |d 2026-01-30 |l 0 |o 306.766 MAU COM |p 11647 |r 2026-01-30 18:27:55 |w 2026-01-30 |y BK | ||
| 999 | |c 414 |d 414 | ||